Geschichte des römischen Kaiserreiches

Saved in:  
Bibliographic Details
Main Author: Hertzberg, Gustav Friedrich 1826-1907 (Author)
Contributors: Oncken, Wilhelm 1838-1905 (Other)
Format: Print Book
Language:German
Subito Delivery Service: Order now.
Check availability: HBZ Gateway
WorldCat: WorldCat
Interlibrary Loan:Interlibrary Loan for the Fachinformationsdienste (Specialized Information Services in Germany)
Published: Berlin Grote 1880
In: Allgemeine Geschichte in Einzeldarstellungen (Hauptabt. 2, Theil 1)
Year: 1880
Series/Journal:Allgemeine Geschichte in Einzeldarstellungen Geschichte des Mittelalters ; Theil 1 Hauptabt. 2, Theil 1
Standardized Subjects / Keyword chains:B Roman Empire
B Roman time / Southern Italy (motif) / History
Further subjects:B Roman Empire
B Late Antiquity
B History
Sammlungen:

MARC

LEADER 00000cam a2200000 cb4500
001 139801626
003 DE-627
005 20260205185904.0
007 tu
008 940306s1880 xx ||||| 00| ||ger c
035 |a (DE-627)139801626 
035 |a (DE-603)103801383 
035 |a (DE-576)9139801624 
035 |a (DE-599)GBV139801626 
035 |a (OCoLC)1353219370 
040 |a DE-627  |b ger  |c DE-627  |e rakwb 
041 |a ger 
044 |c XA-DXDE 
082 0 |a 919  |q OCLC 
084 |a NK 1100  |2 rvk  |0 (DE-625)rvk/125871: 
084 |a NH 7300  |2 rvk  |0 (DE-625)rvk/125772: 
084 |a 15.28  |2 bkl 
084 |a 15.67  |2 bkl 
100 1 |0 (DE-588)116754982  |0 (DE-627)13610973X  |0 (DE-576)161402623  |4 aut  |a Hertzberg, Gustav Friedrich  |d 1826-1907 
109 |a Hertzberg, Graf 1826-1907  |a Hertzberg, G. Fr. 1826-1907  |a Hertzberg, Gustavus Fridericus 1826-1907  |a Chertsberg, Gustauos Phreiderikos 1826-1907  |a Hertzberg, Gustav Frd. 1826-1907  |a Hertzberg, Gustavus F. 1826-1907  |a Chertsberg, Gustabos Phreiderikos 1826-1907  |a Chertsberg, Gustavos Phreiderikos 1826-1907  |a Hertzberg, G. F. 1826-1907  |a Hertzberg, Gustaf Friedrich 1826-1907  |a Hertzberg, Gust. Friedr. 1826-1907  |a Hertzberg, Gustav 1826-1907  |a Hertzberg, Gustav F. 1826-1907  |a Hertzberg, Gustav Friedrich 1826-1907  |a Hertzberg, G.F. 1826-1907 
245 1 0 |a Geschichte des römischen Kaiserreiches  |c von G. F. Hertzberg 
264 1 |a Berlin  |b Grote  |c 1880 
300 |a 892 S., [19] Bl.  |b Ill. 
336 |a Text  |b txt  |2 rdacontent 
337 |a ohne Hilfsmittel zu benutzen  |b n  |2 rdamedia 
338 |a Band  |b nc  |2 rdacarrier 
361 1 |5 DE-32  |y 4877205233  |s AllGes 356595 - A (7)$  |o Sammlung  |a Sammlung Historische Nachschlagewerke der Herzogin Anna Amalia Bibliothek  |0 (DE-588)1208944029  |0 (DE-627)169607374X 
490 1 |a Allgemeine Geschichte in Einzeldarstellungen / unter Mitw. von ... hrsg. von Wilhelm Oncken  |a Hauptabt. 2, Geschichte des Mittelalters  |v Theil 1 
546 |a In Fraktur 
601 |a Kaiserreich 
648 7 |a Geschichte  |2 gnd 
650 0 7 |0 (DE-588)4124227-0  |0 (DE-627)105749281  |0 (DE-576)209566345  |a Spätantike  |2 gnd 
651 7 |0 (DE-588)4076778-4  |0 (DE-627)106082094  |0 (DE-576)209202882  |a Römisches Reich  |2 gnd 
689 0 0 |d g  |0 (DE-588)4076778-4  |0 (DE-627)106082094  |0 (DE-576)209202882  |2 gnd  |a Römisches Reich 
689 0 |5 (DE-627) 
689 1 0 |d s  |0 (DE-588)4076769-3  |0 (DE-627)104826169  |0 (DE-576)209202866  |2 gnd  |a Römerzeit 
689 1 1 |d g  |0 (DE-588)4027833-5  |0 (DE-627)106283235  |0 (DE-576)208972501  |2 gnd  |a Italien 
689 1 2 |q z  |2 gnd  |a Geschichte 
689 1 |5 (DE-627) 
700 1 |0 (DE-588)117124222  |0 (DE-627)136268153  |0 (DE-576)162440030  |4 oth  |a Oncken, Wilhelm  |d 1838-1905 
830 0 |a Allgemeine Geschichte in Einzeldarstellungen  |n Hauptabt. 2  |p Geschichte des Mittelalters ; Theil 1  |v Hauptabt. 2, Theil 1  |9 2,1.1880  |w (DE-627)139801340  |w (DE-576)9139801349  |7 am 
935 |a FRST  |a mteo  |a JALB 
936 r v |a NK 1100  |b Größere Gesamtdarstellungen  |k Geschichte  |k Weltgeschichte, Darstellungen Allgemeine Geschichte einzelner Staaten und Völker Teilgebiete der Geschichte, Sammelwerke  |k Weltgeschichte und allgemeine Geschichte der Staaten und Völker  |k Weltgeschichte  |k Größere Gesamtdarstellungen  |0 (DE-627)1271419289  |0 (DE-625)rvk/125871:  |0 (DE-576)201419289 
936 r v |a NH 7300  |b Allgemeines  |k Geschichte  |k Griechisch-römische Geschichte  |k Römische Geschichte  |k Römische Kaiserzeit (31 v. Chr. - 476 n.Chr.)  |k Allgemeines  |0 (DE-627)1270915282  |0 (DE-625)rvk/125772:  |0 (DE-576)200915282 
936 b k |a 15.28  |j Römisches Reich  |0 (DE-627)106405128 
936 b k |a 15.67  |j Italien  |x Geschichte  |q ARK  |0 (DE-627)181569728 
951 |a MV 
ELC |b 1 
LOK |0 000 xxxxxcx a22 zn 4500 
LOK |0 001 428996110X 
LOK |0 003 DE-627 
LOK |0 004 139801626 
LOK |0 005 20240916085553 
LOK |0 008 230314||||||||||||||||ger||||||| 
LOK |0 040   |a DE-Tue135  |c DE-627  |d DE-Tue135 
LOK |0 092   |o n 
LOK |0 852   |a DE-Tue135 
LOK |0 852 1  |9 00 
LOK |0 866   |x SPQUE#Bibliothek der Franckeschen Stiftungen#SPSAM#Bibliothek des Leipziger Missionswerkes#SPUSM#Lehrerbibliothek#SPSYS#lehb_systematik_G 
LOK |0 866   |x SPQUE#Johannes a Lasco Bibliothek#SPSAM#Sammlung Johann Philipp Janssen 
LOK |0 935   |a FRST  |a lemw  |a lehb  |a JALB  |a jpja 
LOK |0 939   |a 14-03-23  |b l01 
ORI |a TA-MARC-ixtheoa001.raw 
REL |a 1 
STA 0 0 |a History,History,History in art,Late Antiquity,Europe,Byzantine Empire,Roman Empire,Roman Empire,Roman time,Southern Italy (motif),Italy,Italy,Italy,Italy,Lower Italy,Mezzogiorno,Southern Italy,Northwestern Italy 
STB 0 0 |a Antiquité tardive,Europe,Empire byzantin,Histoire,Histoire,Histoire,Sud de l'Italie (motif),Italie,Époque romaine 
STC 0 0 |a Antigüedad tardía,Europa,Roma,Historia,Historia,Historia,Italia,Época romana 
STD 0 0 |a Epoca romana,Epoca tardo-antica,Tarda antichità,Tarda antichità,Italia,Storia,Storia 
STE 0 0 |a 历史,史,古典时代晚期,近古代,古代晚期 
STF 0 0 |a 古典時代晚期,近古代,古代晚期,歷史,史 
STG 0 0 |a Antiguidade tardia,História,História,Itália,Época romana 
STH 0 0 |a История (мотив),История,Италия (мотив),Поздняя античность,Римская эпоха 
STI 0 0 |a Ύστερη Αρχαιότητα,Ιστορία (μοτίβο),Ιστορία,Ιταλία (μοτίβο),Ρωμαϊκή Εποχή 
SUB |a REL 
SYF 0 0 |a Römer , Römisches Reich,Römisches Reich,Nord,Römisches Reich,Römisches Reich,Ost,Römisches Reich,Römisches Reich,West,Römisches Reich,Imperium Romanum,Reich Rom,Italien,Römisches Reich 
SYG 0 0 |a Römer , Römisches Reich,Römisches Reich,Nord,Römisches Reich,Römisches Reich,Ost,Römisches Reich,Römisches Reich,West,Römisches Reich,Imperium Romanum,Reich Rom,Italien,Römisches Reich , Römische Zeit , Italy , Italia,Königreich Italien,Repubblica Italiana,Italiya Respublikasi,Italijos Respublika,Olaszorszaǵ,Olasz Koz̈taŕsasaǵ,Regno d'Italia,Italienische Republik,République Italienne,Yidali-gongheguo,Italy , History,Geschichtliche Epoche,Historical development,Historische Entwicklung,Landesgeschichte,Regionalgeschichte,Ortsgeschichte,Zeitgeschichte 
TIM |a 099992470101_100005001231  |b v753 - 500